Biggest Settlement In Each English County - Statistics

General Stats
  • This quiz has been taken 537 times
    317 since last reset
  • The average score is 28 of 44
Answer Stats
County Population City % Correct
Merseyside 466,415 Liverpool
96%
Tyne and Wear 268,064 Newcastle upon Tyne
95%
West Midlands 1,085,810 Birmingham
94%
West Yorkshire 793,139 (2019) Leeds
93%
Leicestershire 443,760 Leicester
93%
Nottinghamshire 289,301 Nottingham
93%
Oxfordshire 150,200 Oxford
93%
Derbyshire 248,752 Derby
89%
Lincolnshire 100,160 Lincoln
88%
Northamptonshire 212,100 Northampton
86%
South Yorkshire 584,853 (2019) Sheffield
85%
Hampshire 253,651 Southampton
85%
Gloucestershire 136,632 Gloucester
84%
Norfolk 213,166 Norwich
84%
Worcestershire 100,153 Worcester
83%
East Sussex 229,700 Brighton and Hove
81%
Devon 256,384 Plymouth
80%
East Riding of Yorkshire 256,406 Kingston upon Hull
76%
Herefordshire 60,415 Hereford
75%
Berkshire 218.705 Reading
75%
Suffolk 144,957 Ipswich
71%
Cumbria 75,306 Carlisle
66%
Staffordshire 249,008 Stoke-on-Trent
65%
Dorset 183,491 Bournemouth
63%
Somerset 94,782 Bath
62%
Lancashire 147,663 Blackpool
61%
Cambridgeshire 161,707 Peterborough
57%
Bedfordshire 203,201 Luton
55%
Buckinghamshire 229,941 Milton Keynes
54%
North Yorkshire 174,700 Middlesbrough
52%
Essex 175,547 Southend-on-Sea
52%
Wiltshire 182,441 Swindon
52%
Hertfordshire 131,982 Watford
42%
Kent 113,137 Maidstone
40%
Shropshire 142,723 Telford
33%
County Durham 92,363 Darlington
32%
Surrey 105,367 Woking
30%
Rutland 10,922 Oakham
29%
Isle of Wight 32,072 Ryde
29%
Cheshire 165,456 Warrington
29%
West Sussex 109,120 Worthing
29%
Cornwall 21,797 Falmouth
26%
Warwickshire 86,552 Nuneaton
21%
Northumberland 37,339 Blyth
17%
No matching quizzes found
Score Distribution
Percent of People with Each Score
Percentile by Number Answered
Your Score History
You have not taken this quiz since the last reset